| 000 | 00621nam a2200181Ia 4500 | ||
|---|---|---|---|
| 008 | 151018s9999 xx 000 0 und d | ||
| 082 |
_bRBASDV7070 _a891.463 |
||
| 100 | _aचंद्रकांत काकोडकर | ||
| 245 | _aसुचिता | ||
| 250 | _b1 | ||
| 260 |
_b"मॅजेस्टीक पब्लिशिंग हाऊस, ठाणे " _c1963 |
||
| 300 | _a102 | ||
| 600 | _aचंद्रकांत काकोडकर | ||
| 630 | _aसुचिता | ||
| 700 | _aचंद्रकांत काकोडकर | ||
| 730 | _aसुचिता | ||
| 942 | _cBOOK | ||
| 999 |
_c1009439 _d1009436 |
||